| 000 | 00767 a2200241 4500 | ||
|---|---|---|---|
| 999 |
_c6707 _d6707 |
||
| 020 | _a9780387950419 | ||
| 050 | _aQR81VOS2009 | ||
| 100 |
_aVos, Paul De _eeditor |
||
| 245 |
_aBergey's manual of systematic bacteriology : _cedited by Paul De Vos [et...al] _bVolume three.The Firmicutes / |
||
| 250 | _a2nd ed. | ||
| 264 |
_aLondon: _bSpringer, _c2009 |
||
| 300 | _a1450p. : | ||
| 500 | _aincludes index and appendix | ||
| 650 | _asystematic bacteriology | ||
| 700 |
_aGeorge M.Garrity _eeditor |
||
| 700 |
_aDoroth Jones _eeditor |
||
| 700 |
_aNoel R Krieg _eeditor |
||
| 700 |
_aWolfgang Ludwig _eeditor |
||
| 700 |
_aFred A . Rainey _eeditor |
||
| 700 |
_aKarl-Heinz Schleifer _eeditor |
||
| 700 |
_aWilliam B.Whitmam _eeditor |
||
| 942 |
_2lcc _cBK _h81 _iVOS _kQR |
||